Organisational Behaviour (Record no. 2652)

MARC details
000 -LEADER
fixed length control field 00359nam a22001577a 4500
005 - DATE AND TIME OF LATEST TRANSACTION
control field 20180801153945.0
008 - FIXED-LENGTH DATA ELEMENTS--GENERAL INFORMATION
fixed length control field 160614b xxu||||| |||| 00| 0 eng d
041 ## - LANGUAGE CODE
Language code of text/sound track or separate title eng
082 ## - DEWEY DECIMAL CLASSIFICATION NUMBER
Item number 7447
Classification number 658.3
100 ## - MAIN ENTRY--AUTHOR NAME
Personal name Aswathapa, K
245 ## - TITLE STATEMENT
Title Organisational Behaviour
260 ## - PUBLICATION, DISTRIBUTION, ETC. (IMPRINT)
Name of publisher HPH
Place of publication delhi
300 ## - PHYSICAL DESCRIPTION
Number of Pages 583p,
650 ## - SUBJECT ADDED ENTRY--TOPICAL TERM
Topical Term Management
942 ## - ADDED ENTRY ELEMENTS (KOHA)
Koha item type Books
Holdings
Lost status Damaged status Collection code Home library Current library Shelving location Date acquired Full call number Accession Number Koha item type
    MANAGEMENT JRU Library JRU Library SHELF-64-G 14/06/2016 658.3 7447 Books